El mundo, la carne y el padre Smith / (Record no. 171541)

MARC details
000 -LEADER
campo de control de longitud fija 00701nam a2200229 i 4500
001 - NÚMERO DE CONTROL
campo de control 171541
003 - IDENTIFICADOR DE NÚMERO DE CONTROL
campo de control ES-MaACL
005 - FECHA Y HORA DE LA ÚLTIMA TRANSACCIÓN
campo de control 20250704063124.0
007 - CAMPO FIJO DE DESCRIPCIÓN FÍSICA--INFORMACIÓN GENERAL
campo de control de longitud fija t|
008 - DATOS DE LONGITUD FIJA--INFORMACIÓN GENERAL
campo de control de longitud fija 090519s1960 sp ||||1| spa d
017 ## - NÚMERO DE COPYRIGHT O DE DEPÓSITO LEGAL
Número de copyright o de depósito legal B 10791-1960
080 ## - NÚMERO DE LA CLASIFICACIÓN DECIMAL UNIVERSAL
Número de la Clasificación Decimal Universal 82-311.2"19"
100 1# - ENTRADA PRINCIPAL--NOMBRE DE PERSONA
Nombre de persona Marshall, Bruce
9 (RLIN) 77127
245 13 - MENCIÓN DEL TÍTULO
Título El mundo, la carne y el padre Smith /
Mención de responsabilidad, etc. por Bruce Marshall.
260 ## - PUBLICACIÓN, DISTRIBUCIÓN, ETC.
Lugar de publicación, distribución, etc. Barcelona :
Nombre del editor, distribuidor, etc. Luis de Caralt,
Fecha de publicación, distribución, etc. 1960.
300 ## - DESCRIPCIÓN FÍSICA
Extensión 176 p. ;
Dimensiones 18 cm.
490 1# - MENCIÓN DE SERIE
Mención de serie Libros "Plaza" ;
Designación de volumen o secuencia 241
594 ## - Nota al título y mención de responsabilidad
Nota al título y mención de responsabilidad Traducción de: The world, the flesh and father Smith.
830 0# - PUNTO DE ACCESO ADICIONAL DE SERIE-TÍTULO UNIFORME
Título uniforme Libros "Plaza" ;
Designación de volumen o secuencia 241
9 (RLIN) 181449
852 4# - LOCALIZACIÓN
Ubicación ES-MaACL
Número de control de estantería E-12649
itemnumber R.138191
Holdings
Estatus retirado Estado de pérdida Estado de daño No para préstamo Biblioteca de origen Biblioteca actual Ubicación en estantería Fecha de adquisición Fuente de adquisición Total de préstamos Signatura topográfica completa Código de barras Visto por última vez Precio de reemplazo Tipo de ítem Koha
        Biblioteca del Ateneo de Madrid Biblioteca del Ateneo de Madrid Depósito 2 19/05/2009     E-12649 1180020 23/02/2023 23/02/2023 Libro impreso